| 000 | 00540nam a22002177a 4500 | ||
|---|---|---|---|
| 005 | 20250701162108.0 | ||
| 008 | 190611b1995 xxu||||| |||| 00| 0 spa d | ||
| 020 | _a99772 | ||
| 041 | _aESP | ||
| 082 | _a306 G643p | ||
| 100 |
_aGonzález Dobles, Jaime _918554 |
||
| 245 | _aLa patria del tico: interpretación del ser costarricense | ||
| 260 | _aCosta Rica | ||
| 260 | _bAntares | ||
| 260 | _c1995 | ||
| 300 | _a190 páginas | ||
| 490 | _aTurismo | ||
| 650 | _aCOSTA RICA | ||
| 650 | _aANTROPOLOGÍA SOCIAL | ||
| 942 |
_cBK _2ddc |
||
| 999 |
_c12055 _d12055 |
||